[Event "DEN-ch Seniors 65"]
[Site "Logumkloster"]
[Date "2020.02.12"]
[Round "4"]
[White "Larsen, Alex"]
[Black "Haugaard, Thomas"]
[Result "0-1"]
[WhiteElo "1428"]
[BlackElo "1680"]
[PlyCount "70"]
[EventDate "2020.02.09"]
[EventType "swiss"]
[EventRounds "7"]
[EventCountry "DEN"]
[SourceTitle "EXT 2021"]
[Source "ChessBase"]
[SourceDate "2020.10.23"]
[SourceVersion "1"]
[SourceVersionDate "2020.10.23"]
[SourceQuality "1"]

1. d4 Nf6 2. Nf3 d5 3. Bf4 e6 4. a3 c5 5. g3 Nc6 6. c3 Bd6 7. Bxd6 Qxd6 8. Bg2 b6 9. 0-0 Ba6 10. Re1 Rd8 11. Qa4 Bb7 12. Ne5 0-0 13. Nxc6 Qxc6 14. Qd1 Rfe8 15. e3 Qc7 16. Nd2 e5 17. Nf3 e4 18. Ne5 Nd7 19. Nxd7 Qxd7 20. Qh5 Bc8 21. a4 a5 22. Bf1 Re6 23. dxc5 Rh6 24. Qg5 bxc5 25. Bb5 Qd6 26. Qf4 Qe6 27. h4 Rd6 28. Be2 Rf6 29. Qg4 Qxg4 30. Bxg4 Bxg4 31. f4 Rb6 32. c4 Rxb2 33. cxd5 Rd6 34. Rab1 Rxb1 35. Rxb1 Rxd5 0-1

[Event "Helsingor Xtracon op"]
[Site "Helsingor"]
[Date "2019.07.27"]
[Round "9"]
[White "Leonhardsen, Vebjorn Maanum"]
[Black "Haugaard, Thomas"]
[Result "1-0"]
[WhiteElo "1820"]
[BlackElo "1690"]
[PlyCount "51"]
[EventDate "2019.07.20"]
[EventType "swiss"]
[EventRounds "10"]
[EventCountry "DEN"]
[SourceTitle "CBM 191 Extra"]
[Source "ChessBase"]
[SourceDate "2019.09.30"]
[SourceVersion "1"]
[SourceVersionDate "2019.09.30"]
[SourceQuality "1"]

1. Nf3 Nf6 2. c4 e6 3. Nc3 d5 4. d4 Be7 5. Bg5 0-0 6. e3 h6 7. Bh4 b6 8. cxd5 Nxd5 9. Bxe7 Qxe7 10. Be2 Bb7 11. 0-0 Nd7 12. Qd2 c5 13. Nxd5 exd5 14. b3 Nf6 15. Rac1 Rac8 16. Qb2 Rfd8 17. Qa3 a6 18. Rc2 Kf8 19. Rfc1 Nd7 20. h3 Re8 21. Bd3 g6 22. dxc5 bxc5 23. Bxa6 Bxa6 24. Qxa6 Ra8 25. Qd3 Ra3 26. Qxd5 1-0

[Event "DEN-ch Seniors 65+"]
[Site "Odder"]
[Date "2019.02.17"]
[Round "7"]
[White "Haugaard, Thomas"]
[Black "Larsen, Jorgen Rene"]
[Result "0-1"]
[WhiteElo "1691"]
[BlackElo "1719"]
[PlyCount "110"]
[EventDate "2019.02.11"]
[EventType "swiss"]
[EventRounds "7"]
[EventCountry "DEN"]
[SourceTitle "CBM 189 Extra"]
[Source "ChessBase"]
[SourceDate "2019.05.31"]
[SourceVersion "1"]
[SourceVersionDate "2019.05.31"]
[SourceQuality "1"]

1. d4 g6 2. c4 Bg7 3. Nc3 e6 4. e4 Ne7 5. Nf3 d6 6. Bf4 0-0 7. Qd2 b6 8. Be2 Nd7 9. g4 e5 10. Bh6 f6 11. 0-0-0 g5 12. Bxg7 Kxg7 13. h4 Ng6 14. hxg5 Nf4 15. gxf6+ Rxf6 16. dxe5 dxe5 17. Nxe5 Nxe2+ 18. Nxe2 Rd6 19. Qf4 Qe7 20. Rxd6 cxd6 21. Nxd7 Bxd7 22. Nd4 Rf8 23. Nf5+ Bxf5 24. gxf5 Rf6 25. Qg5+ Kh8 26. Rh6 Rf7 27. Qf4 Rf6 28. Rxf6 Qxf6 29. Qg3 h5 30. Qh2 h4 31. f3 Qg5+ 32. Kd1 Kg7 33. Ke2 Qf6 34. Ke3 Kf7 35. f4 Ke7 36. e5 dxe5 37. fxe5 Qg5+ 38. Qf4 Qg1+ 39. Qf2 Qc1+ 40. Kd4 Qd1+ 41. Ke4 Qg4+ 42. Qf4 Qg2+ 43. Ke3 Qg1+ 44. Qf2 Qc1+ 45. Kd4 Qd1+ 46. Ke4 Qg4+ 47. Qf4 Qe2+ 48. Kd5 Qd1+ 49. Ke4 Qe2+ 50. Kd5 Qd3+ 51. Qd4 Qxd4+ 52. Kxd4 h3 53. Kd5 h2 54. f6+ Kf7 55. Kd6 h1Q 0-1

[Event "DEN-ch Seniors 65+"]
[Site "Odder"]
[Date "2019.02.16"]
[Round "6"]
[White "Overmark, Ole"]
[Black "Haugaard, Thomas"]
[Result "1-0"]
[WhiteElo "1740"]
[BlackElo "1691"]
[PlyCount "69"]
[EventDate "2019.02.11"]
[EventType "swiss"]
[EventRounds "7"]
[EventCountry "DEN"]
[SourceTitle "CBM 189 Extra"]
[Source "ChessBase"]
[SourceDate "2019.05.31"]
[SourceVersion "1"]
[SourceVersionDate "2019.05.31"]
[SourceQuality "1"]

1. e4 c5 2. Nf3 d6 3. d4 cxd4 4. c3 dxc3 5. Nxc3 Nc6 6. Bc4 e6 7. 0-0 Be7 8. Qe2 Bd7 9. Bf4 a6 10. Rfd1 e5 11. Be3 Nf6 12. h3 0-0 13. Rac1 Rc8 14. a3 Na5 15. Ba2 b5 16. Bg5 Bc6 17. Nxe5 Qe8 18. Nxc6 Nxc6 19. Bxf6 Bxf6 20. Rxd6 Be5 21. Rd3 Nd4 22. Qg4 Ne6 23. Rcd1 Nc5 24. Re3 Bxc3 25. bxc3 Qe7 26. Rd5 Ne6 27. Re5 Rc5 28. Rxc5 Nxc5 29. c4 Qe5 30. Qd1 Re8 31. cxb5 Nxe4 32. Bd5 Nc3 33. Rxe5 Rxe5 34. Bxf7+ Kxf7 35. Qf3+ 1-0

[Event "DEN-ch Seniors 65+"]
[Site "Odder"]
[Date "2019.02.13"]
[Round "3"]
[White "Haugaard, Thomas"]
[Black "Kolbak, Jens"]
[Result "0-1"]
[WhiteElo "1691"]
[BlackElo "2129"]
[PlyCount "66"]
[EventDate "2019.02.11"]
[EventType "swiss"]
[EventRounds "7"]
[EventCountry "DEN"]
[SourceTitle "CBM 189 Extra"]
[Source "ChessBase"]
[SourceDate "2019.05.31"]
[SourceVersion "1"]
[SourceVersionDate "2019.05.31"]
[SourceQuality "1"]

1. c4 Nf6 2. Nc3 e5 3. e4 Bc5 4. Be2 Nc6 5. Nf3 d6 6. d3 h6 7. a3 a5 8. b3 0-0 9. 0-0 Nd4 10. Nxd4 Bxd4 11. Bb2 c6 12. Rb1 Be6 13. Bf3 Rc8 14. Ne2 Bxb2 15. Rxb2 d5 16. exd5 cxd5 17. Nc3 Qd6 18. Nb5 Qb8 19. Re1 Rfd8 20. Rd2 a4 21. bxa4 dxc4 22. dxc4 Rxd2 23. Qxd2 Rxc4 24. Qe2 e4 25. Qf1 Rxa4 26. Be2 Qe5 27. Rc1 Ra5 28. Rb1 Bd7 29. Rb4 Bc6 30. a4 Ra8 31. Qd1 Re8 32. Rb3 Nd5 33. Nd4 Bxa4 0-1

[Event "Helsingor Xtracon op"]
[Site "Helsingor"]
[Date "2018.07.29"]
[Round "10"]
[White "Haugaard, Thomas"]
[Black "Frisk, Hans"]
[Result "1/2-1/2"]
[WhiteElo "1697"]
[BlackElo "2004"]
[PlyCount "81"]
[EventDate "2018.07.21"]
[EventType "swiss"]
[EventRounds "10"]
[EventCountry "DEN"]
[SourceTitle "CBM 185 Extra"]
[Source "ChessBase"]
[SourceDate "2018.07.29"]
[SourceVersion "1"]
[SourceVersionDate "2018.07.29"]
[SourceQuality "1"]

1. d4 Nf6 2. c4 e6 3. Nc3 Bb4 4. Nf3 b6 5. g3 Bb7 6. Bg2 Bxc3+ 7. bxc3 d6 8. 0-0 0-0 9. Re1 Nbd7 10. Nd2 Bxg2 11. Kxg2 Re8 12. e4 e5 13. Qc2 Nf8 14. Nb3 a5 15. a4 N6d7 16. Be3 Ne6 17. Rad1 Qe7 18. f3 h6 19. Qd2 g5 20. Rh1 Kg7 21. h4 f6 22. Nc1 Rh8 23. Nd3 Rag8 24. Rdg1 Kf7 25. hxg5 hxg5 26. Kf2 Qe8 27. Qe1 Rxh1 28. Rxh1 Rh8 29. Rxh8 Qxh8 30. Kg2 Qh7 31. Qh1 Qxh1+ 32. Kxh1 Kg6 33. Kg2 Kh5 34. Kh3 exd4 35. cxd4 c5 36. d5 Nd4 37. Bxd4 cxd4 38. Kg2 Nc5 39. Nxc5 bxc5 40. Kf2 Kg6 41. g4 1/2-1/2

[Event "Helsingor Xtracon op"]
[Site "Helsingor"]
[Date "2018.07.26"]
[Round "7"]
[White "Preuss, Flemming"]
[Black "Haugaard, Thomas"]
[Result "1-0"]
[WhiteElo "1971"]
[BlackElo "1697"]
[PlyCount "79"]
[EventDate "2018.07.21"]
[EventType "swiss"]
[EventRounds "10"]
[EventCountry "DEN"]
[SourceTitle "CBM 185 Extra"]
[Source "ChessBase"]
[SourceDate "2018.07.29"]
[SourceVersion "1"]
[SourceVersionDate "2018.07.29"]
[SourceQuality "1"]

1. e4 e5 2. d4 exd4 3. Qxd4 Nc6 4. Qe3 Bb4+ 5. Nc3 Qe7 6. Bd2 Nf6 7. f3 Bc5 8. Qg5 d6 9. Bc4 Be6 10. Bb3 0-0-0 11. 0-0-0 h6 12. Qh4 Ne5 13. Nge2 g5 14. Qe1 Nc4 15. Kb1 Nb6 16. Bc1 Bxb3 17. axb3 d5 18. Nd4 dxe4 19. Nf5 Qe5 20. Rxd8+ Rxd8 21. fxe4 Re8 22. Nxh6 Nxe4 23. Nxe4 Qxe4 24. Qxe4 Rxe4 25. Bxg5 Re2 26. g4 Rf2 27. Rd1 Nd7 28. h4 f6 29. Bc1 Ne5 30. h5 Bf8 31. Rg1 Nf3 32. Rd1 Rg2 33. Rf1 Nd4 34. Rxf6 Bxh6 35. Bxh6 Rxg4 36. Be3 Nc6 37. h6 Rh4 38. c3 Nd8 39. Kc2 Kd7 40. Bd4 1-0

[Event "Helsingor Xtracon op"]
[Site "Helsingor"]
[Date "2018.07.22"]
[Round "2"]
[White "Andersen, Daniel"]
[Black "Haugaard, Thomas"]
[Result "1-0"]
[WhiteElo "1917"]
[BlackElo "1697"]
[PlyCount "81"]
[EventDate "2018.07.21"]
[EventType "swiss"]
[EventRounds "10"]
[EventCountry "DEN"]
[SourceTitle "CBM 185 Extra"]
[Source "ChessBase"]
[SourceDate "2018.07.29"]
[SourceVersion "1"]
[SourceVersionDate "2018.07.29"]
[SourceQuality "1"]

1. c4 c5 2. Nc3 Nc6 3. Nf3 Nf6 4. e3 g6 5. d4 cxd4 6. exd4 d5 7. Qb3 Na5 8. Qb4 Bg7 9. c5 0-0 10. Bd3 Nc6 11. Qa4 Bd7 12. Qb3 Na5 13. Qc2 Nc6 14. a3 e5 15. dxe5 Re8 16. 0-0 Nxe5 17. Nxe5 Rxe5 18. Bf4 Rh5 19. Rac1 Bh6 20. Bxh6 Rxh6 21. Rfd1 Qc7 22. g3 Qxc5 23. Qd2 Rh5 24. Ne2 Qd6 25. Nf4 Re5 26. Qa5 d4 27. Qd2 Bc6 28. Bf1 Bf3 29. Be2 Bxe2 30. Nxe2 Rd5 31. Nf4 Ne4 32. Qc2 Re5 33. Qc7 Rb5 34. Qxd6 Nxd6 35. Rxd4 Nf5 36. Rd7 Rxb2 37. Rcc7 Re8 38. Rxf7 Re1+ 39. Kg2 Rd1 40. Ne6 Rdd2 41. Rf8# 1-0

[Event "DEN-ch Seniors"]
[Site "Skorping"]
[Date "2017.04.16"]
[Round "4"]
[White "Haugaard, Thomas"]
[Black "Hansen, Max Erik"]
[Result "1-0"]
[WhiteElo "1744"]
[BlackElo "1872"]
[PlyCount "79"]
[EventDate "2017.04.13"]
[EventType "swiss"]
[EventRounds "5"]
[EventCountry "DEN"]
[SourceTitle "EXT 2023"]
[Source "ChessBase"]
[SourceDate "2022.10.05"]
[SourceVersion "1"]
[SourceVersionDate "2022.10.05"]
[SourceQuality "1"]

1. d4 Nf6 2. c4 g6 3. Nc3 d5 4. Nf3 Bg7 5. Qb3 dxc4 6. Qxc4 c6 7. e4 Be6 8. Qa4 Nbd7 9. Ng5 Nb6 10. Nxe6 Nxa4 11. Nxd8 Nxc3 12. bxc3 Rxd8 13. f3 0-0 14. Be3 Rfe8 15. Kf2 b6 16. Be2 e5 17. Rhd1 exd4 18. cxd4 c5 19. e5 cxd4 20. Bxd4 Nd5 21. Bc4 Bxe5 22. Bxe5 Rxe5 23. Rd3 Rde8 24. Rxd5 R5e7 25. Rad1 Rc7 26. Rd8 Kf8 27. Rxe8+ Kxe8 28. Bb3 Ke7 29. Rd4 f5 30. h4 Kf6 31. g4 Ke5 32. Rd5+ Kf4 33. gxf5 gxf5 34. Rd4+ Ke5 35. Ke3 Rc3+ 36. Rd3 Rc7 37. Rd5+ Kf6 38. Kf4 Rc3 39. Rxf5+ Kg6 40. Rf7 1-0

[Event "DEN-ch Seniors"]
[Site "Skorping"]
[Date "2017.04.13"]
[Round "1"]
[White "Jarlnaes, Erik"]
[Black "Haugaard, Thomas"]
[Result "1/2-1/2"]
[WhiteElo "1896"]
[BlackElo "1744"]
[PlyCount "57"]
[EventDate "2017.04.13"]
[EventType "swiss"]
[EventRounds "5"]
[EventCountry "DEN"]
[SourceTitle "EXT 2023"]
[Source "ChessBase"]
[SourceDate "2022.10.05"]
[SourceVersion "1"]
[SourceVersionDate "2022.10.05"]
[SourceQuality "1"]

1. e4 e5 2. d4 exd4 3. c3 d5 4. exd5 Qxd5 5. Qxd4 Qxd4 6. cxd4 Nf6 7. Bb5+ c6 8. Bc4 Bb4+ 9. Bd2 Bxd2+ 10. Nxd2 0-0 11. Ngf3 Re8+ 12. Ne5 Be6 13. 0-0 Nbd7 14. Rfe1 Nb6 15. Bxe6 Rxe6 16. a4 Rae8 17. a5 Nbd5 18. Nd3 Rxe1+ 19. Rxe1 Rxe1+ 20. Nxe1 Nb4 21. Kf1 Kf8 22. Ke2 Nfd5 23. g3 Ke7 24. Nd3 f6 25. Nxb4 Nxb4 26. Ne4 b6 27. axb6 axb6 28. f4 Ke6 29. Nc3 1/2-1/2

[Event "DEN-ch Seniors 65+"]
[Site "Logumkloster"]
[Date "2017.02.14"]
[Round "3"]
[White "Haugaard, Thomas"]
[Black "Stald, Flemming"]
[Result "1/2-1/2"]
[WhiteElo "1687"]
[BlackElo "1945"]
[PlyCount "66"]
[EventDate "2017.02.12"]
[EventType "swiss"]
[EventRounds "7"]
[EventCountry "DEN"]
[SourceTitle "EXT 2018"]
[Source "ChessBase"]
[SourceDate "2017.10.13"]
[SourceVersion "1"]
[SourceVersionDate "2017.10.13"]
[SourceQuality "1"]

1. d4 Nf6 2. c4 e6 3. Nf3 d5 4. Nc3 Nbd7 5. Bg5 c6 6. e3 Be7 7. Rc1 0-0 8. Bd3 dxc4 9. Bxc4 h6 10. Bh4 Re8 11. 0-0 Nf8 12. Ne5 Nd5 13. Bxe7 Qxe7 14. Nxd5 exd5 15. Bd3 Nd7 16. Nxd7 Bxd7 17. a3 f5 18. Qf3 Rf8 19. b4 Qd6 20. Rc3 a6 21. Rfc1 Rae8 22. Qf4 Qe7 23. g3 Rc8 24. h4 g5 25. hxg5 hxg5 26. Qf3 Kg7 27. Kf1 Qf7 28. Ke2 Rh8 29. Rh1 Rxh1 30. Qxh1 Rh8 31. Qf3 Rh2 32. Rc1 Qh5 33. Qxh5 Rxh5 1/2-1/2

[Event "Helsingor Xtracon op"]
[Site "Helsingor"]
[Date "2016.07.24"]
[Round "2"]
[White "Christensen, Lasse"]
[Black "Haugaard, Thomas"]
[Result "1-0"]
[WhiteElo "2162"]
[BlackElo "1672"]
[PlyCount "49"]
[EventDate "2016.07.23"]
[EventType "swiss"]
[EventRounds "10"]
[EventCountry "DEN"]
[SourceTitle "CBM 173 Extra"]
[Source "ChessBase"]
[SourceDate "2016.08.29"]
[SourceVersion "1"]
[SourceVersionDate "2016.08.29"]
[SourceQuality "1"]

1. Nf3 d5 2. g3 Nf6 3. Bg2 e6 4. 0-0 Be7 5. c4 0-0 6. d4 c6 7. Nc3 Nbd7 8. b3 b6 9. Bb2 Ba6 10. Nd2 Rc8 11. e4 dxe4 12. Ncxe4 Nxe4 13. Nxe4 Nf6 14. Ng5 Qc7 15. Qc2 h6 16. Nf3 Rfd8 17. Ne5 Bb7 18. c5 Nd5 19. a3 Bf6 20. Ng4 Be7 21. Rfe1 bxc5 22. dxc5 a5 23. Bh3 Bf8 24. Ne5 Qe7 25. Nxf7 1-0

[Event "Amager Aabne CC-ch"]
[Site "Sundbyoster"]
[Date "2016.03.03"]
[Round "4"]
[White "Haugaard, Thomas"]
[Black "Petersen, Christian"]
[Result "1-0"]
[WhiteElo "1677"]
[BlackElo "1652"]
[PlyCount "41"]
[EventDate "2016.01.19"]
[EventType "swiss"]
[EventRounds "7"]
[EventCountry "DEN"]
[SourceTitle "EXT 2025"]
[Source "ChessBase"]
[SourceDate "2024.10.14"]
[SourceVersion "1"]
[SourceVersionDate "2024.10.14"]
[SourceQuality "1"]

1. Nf3 d5 2. g3 Nf6 3. Bg2 c5 4. c4 e6 5. 0-0 Nc6 6. Qc2 Nb4 7. Qc3 Ne4 8. Qb3 a5 9. d3 a4 10. Qd1 dxc4 11. dxe4 Qxd1 12. Rxd1 Nc2 13. Na3 Nxa1 14. Be3 Nb3 15. axb3 cxb3 16. Nb5 Ra5 17. Nc7+ Ke7 18. Ne5 f6 19. Nc4 Ra6 20. Nxa6 bxa6 21. Nb6 1-0

[Event "Amager Aabne CC-ch"]
[Site "Sundbyoster"]
[Date "2016.02.10"]
[Round "2"]
[White "Svensson, John Michael"]
[Black "Haugaard, Thomas"]
[Result "1-0"]
[WhiteElo "1624"]
[BlackElo "1677"]
[PlyCount "59"]
[EventDate "2016.01.19"]
[EventType "swiss"]
[EventRounds "7"]
[EventCountry "DEN"]
[SourceTitle "EXT 2025"]
[Source "ChessBase"]
[SourceDate "2024.10.14"]
[SourceVersion "1"]
[SourceVersionDate "2024.10.14"]
[SourceQuality "1"]

1. d4 d5 2. Nf3 e6 3. Bg5 Be7 4. Bf4 Nf6 5. g3 Nbd7 6. Bg2 c5 7. c3 cxd4 8. cxd4 Qb6 9. Qc2 Bb4+ 10. Nbd2 Ne4 11. 0-0 Nxd2 12. Bxd2 Bxd2 13. Qxd2 Nf6 14. b3 Bd7 15. Rac1 0-0 16. Ne5 Rfc8 17. g4 Qd6 18. Qf4 Qe7 19. Bf3 Ne8 20. g5 Rxc1 21. Rxc1 Rc8 22. Rxc8 Bxc8 23. e4 f6 24. gxf6 Nxf6 25. Qh4 Qf8 26. exd5 exd5 27. Qf4 Qe7 28. Qg5 Qe6 29. Qc1 Qe7 30. Qxc8+ 1-0

[Event "Amager-ch"]
[Site "Amager"]
[Date "2015.09.22"]
[Round "5"]
[White "Haugaard, Thomas"]
[Black "Lunding, Peter M"]
[Result "1/2-1/2"]
[WhiteElo "1557"]
[BlackElo "1876"]
[PlyCount "88"]
[EventDate "2015.08.18"]
[EventType "swiss"]
[EventRounds "7"]
[EventCountry "DEN"]
[SourceTitle "EXT 2023"]
[Source "ChessBase"]
[SourceDate "2022.10.05"]
[SourceVersion "1"]
[SourceVersionDate "2022.10.05"]
[SourceQuality "1"]

1. d4 d5 2. c4 e6 3. Nc3 Nf6 4. cxd5 exd5 5. Bg5 Nbd7 6. Nf3 c6 7. e3 Be7 8. Bd3 h6 9. Bh4 0-0 10. Qc2 Re8 11. 0-0-0 Ne4 12. Bxe7 Qxe7 13. Bxe4 dxe4 14. Nd2 Nf6 15. h3 Bf5 16. f4 Nd5 17. Nxd5 cxd5 18. Qb3 Qd6 19. Kb1 Qa6 20. g4 Bd7 21. Rc1 Ba4 22. Qa3 Rac8 23. Ka1 Qe2 24. Nb1 Bc6 25. Rhe1 Qf3 26. Rh1 a6 27. Rcf1 Qe2 28. Re1 Qb5 29. Qc3 Bd7 30. Qd2 Rc6 31. Nc3 Qa5 32. Reg1 Rec8 33. h4 b5 34. Qh2 b4 35. Nb1 Rc2 36. Rg2 b3 37. a3 Bxg4 38. h5 f5 39. Qg3 Rxg2 40. Qxg2 Bf3 41. Qg6 Qd8 42. Rg1 Bg4 43. Qxa6 Bxh5 44. Qxh6 Bg4 1/2-1/2

[Event "Amager-ch"]
[Site "Amager"]
[Date "2015.09.08"]
[Round "4"]
[White "Hansen, Benny"]
[Black "Haugaard, Thomas"]
[Result "0-1"]
[WhiteElo "1317"]
[BlackElo "1557"]
[PlyCount "64"]
[EventDate "2015.08.18"]
[EventType "swiss"]
[EventRounds "7"]
[EventCountry "DEN"]
[SourceTitle "EXT 2023"]
[Source "ChessBase"]
[SourceDate "2022.10.05"]
[SourceVersion "1"]
[SourceVersionDate "2022.10.05"]
[SourceQuality "1"]

1. e4 c6 2. d4 d5 3. Nc3 dxe4 4. Nxe4 Bf5 5. Bd3 Qxd4 6. Qf3 Bxe4 7. Bxe4 Nf6 8. Ne2 Qxe4 9. Qh3 Nbd7 10. c3 e5 11. Be3 Bc5 12. 0-0 Bxe3 13. fxe3 0-0 14. Rf3 Qg4 15. Rd1 Qxh3 16. Rxh3 Rad8 17. Rf3 Nb6 18. Rxd8 Rxd8 19. Ng3 Rd1+ 20. Rf1 Rxf1+ 21. Kxf1 Nc4 22. Ke2 Nxb2 23. Kd2 Kf8 24. h3 g6 25. Kc2 Nc4 26. Kd3 b5 27. Ne2 Ke7 28. g4 Nd5 29. e4 Nf4+ 30. Nxf4 exf4 31. Ke2 Ke6 32. Kf3 Ke5 0-1

[Event "Politiken Cup 37th"]
[Site "Helsingor"]
[Date "2015.07.30"]
[Round "7"]
[White "Edwardsson, Hannu Kalervo"]
[Black "Haugaard, Thomas"]
[Result "1/2-1/2"]
[WhiteElo "1452"]
[BlackElo "1707"]
[PlyCount "75"]
[EventDate "2015.07.25"]
[EventType "swiss"]
[EventRounds "10"]
[EventCountry "DEN"]
[SourceTitle "CBM 167 Extra"]
[Source "ChessBase"]
[SourceDate "2015.09.14"]
[SourceVersion "1"]
[SourceVersionDate "2015.09.14"]
[SourceQuality "1"]

1. e4 c5 2. c4 Nc6 3. Nf3 d6 4. d3 g6 5. Be2 Bg7 6. 0-0 Nf6 7. Nc3 e6 8. Bd2 0-0 9. a3 a6 10. Rb1 Nd4 11. Nxd4 cxd4 12. Na2 Bd7 13. Nb4 a5 14. Nc2 Rc8 15. Nxd4 Nxe4 16. Nxe6 Bxe6 17. dxe4 Bxc4 18. Bxc4 Rxc4 19. f3 Qb6+ 20. Kh1 Rfc8 21. h3 Rc2 22. Bc3 Qb3 23. Bxg7 Kxg7 24. Qd4+ Kg8 25. Qxd6 Qe3 26. Rbe1 Qb3 27. Rb1 R8c6 28. Qb8+ Rc8 29. Qe5 Qd3 30. Rbd1 Qe2 31. Rg1 Rxb2 32. Rc1 Rxc1 33. Qb8+ Kg7 34. Qe5+ Kf8 35. Qd6+ Ke8 36. Qe5+ Kd7 37. Qd5+ Ke8 38. Qe5+ 1/2-1/2

[Event "Politiken Cup 37th"]
[Site "Helsingor"]
[Date "2015.07.27"]
[Round "4"]
[White "Haugaard, Thomas"]
[Black "Andreassen, Mikkel"]
[Result "0-1"]
[WhiteElo "1707"]
[BlackElo "1954"]
[PlyCount "136"]
[EventDate "2015.07.25"]
[EventType "swiss"]
[EventRounds "10"]
[EventCountry "DEN"]
[SourceTitle "CBM 167 Extra"]
[Source "ChessBase"]
[SourceDate "2015.09.14"]
[SourceVersion "1"]
[SourceVersionDate "2015.09.14"]
[SourceQuality "1"]

1. d4 d5 2. c4 c6 3. Nf3 Nf6 4. e3 e6 5. Nc3 Nbd7 6. Qc2 Bd6 7. Bd3 0-0 8. 0-0 b6 9. e4 dxe4 10. Nxe4 Qc7 11. Nxd6 Qxd6 12. Bg5 Bb7 13. Rad1 c5 14. dxc5 Qxc5 15. Be3 Qc6 16. Ne1 h6 17. f3 Nc5 18. b3 e5 19. Bxc5 Qxc5+ 20. Qf2 Qc7 21. Nc2 Rad8 22. Rfe1 Rfe8 23. Ne3 Nh5 24. Be4 Bxe4 25. fxe4 Nf4 26. Nd5 Nxd5 27. exd5 e4 28. Qd4 Qe5 29. b4 f5 30. c5 bxc5 31. bxc5 Qxd4+ 32. Rxd4 Re5 33. c6 Rexd5 34. Rc4 Kf7 35. Rb1 Re5 36. c7 Rc8 37. Kf1 Re7 38. Rb7 a5 39. Rc5 g6 40. g3 a4 41. Ke2 Ke8 42. Rc6 Kf7 43. Rc5 Rd7 44. Rc6 a3 45. Rc5 Ke6 46. Rb6+ Rd6 47. Rb7 Kd7 48. Ra7 Rd3 49. Rb7 Kd6 50. Rc2 Kd7 51. Rc5 Rd6 52. Ke3 Rc6 53. Rd5+ Ke6 54. Ra5 R8xc7 55. Rxc7 Rxc7 56. Rxa3 Rc2 57. h4 Kd5 58. Ra6 Rc3+ 59. Kf2 Rc6 60. Ra8 g5 61. a4 gxh4 62. gxh4 Rc2+ 63. Ke3 Rc3+ 64. Kd2 Rd3+ 65. Ke2 Ke5 66. Ra6 Rd6 67. Ra8 Kf4 68. a5 Kg4 0-1

[Event "Copenhagen Bronshoj op"]
[Site "Copenhagen"]
[Date "2015.02.09"]
[Round "6"]
[White "Haugaard, Thomas"]
[Black "Gulbrandsen, Mats Lundh"]
[Result "0-1"]
[WhiteElo "1743"]
[BlackElo "1618"]
[PlyCount "72"]
[EventDate "2015.02.06"]
[EventType "swiss"]
[EventRounds "7"]
[EventCountry "DEN"]
[SourceTitle "EXT 2016"]
[Source "ChessBase"]
[SourceDate "2015.10.08"]
[SourceVersion "1"]
[SourceVersionDate "2015.10.08"]
[SourceQuality "1"]

1. e4 c5 2. Nc3 d6 3. g3 g6 4. Bg2 Bg7 5. Nge2 e6 6. 0-0 Ne7 7. d3 0-0 8. Be3 Nbc6 9. Qd2 Re8 10. Rae1 b6 11. Nd1 Ba6 12. f4 f5 13. h3 h5 14. g4 hxg4 15. hxg4 Qc7 16. Ng3 Kf7 17. c3 Rh8 18. Kf2 fxg4 19. Rh1 Bf6 20. Rxh8 Rxh8 21. Rh1 Bh4 22. Bf1 Bxg3+ 23. Kg2 Rxh1 24. Kxh1 Qd8 25. Qg2 Qh8+ 26. Kg1 Qh4 27. Bf2 Bxf2+ 28. Nxf2 g3 29. Nh1 Qxf4 30. Nxg3 Ne5 31. Qh3 Nf3+ 32. Kg2 Ne1+ 33. Kg1 Bxd3 34. Bxd3 Nxd3 35. Qg2 Qe3+ 36. Kh2 Qf2 0-1

[Event "Copenhagen Bronshoj op"]
[Site "Copenhagen"]
[Date "2015.02.07"]
[Round "3"]
[White "Mouritsen, Jan"]
[Black "Haugaard, Thomas"]
[Result "1-0"]
[WhiteElo "1856"]
[BlackElo "1743"]
[PlyCount "111"]
[EventDate "2015.02.06"]
[EventType "swiss"]
[EventRounds "7"]
[EventCountry "DEN"]
[SourceTitle "EXT 2016"]
[Source "ChessBase"]
[SourceDate "2015.10.08"]
[SourceVersion "1"]
[SourceVersionDate "2015.10.08"]
[SourceQuality "1"]

1. d4 d5 2. c4 e6 3. Nc3 Nf6 4. cxd5 exd5 5. Bg5 c6 6. Nf3 Be7 7. Qc2 Na6 8. e3 Nc7 9. Bd3 h6 10. Bh4 Bg4 11. Ne5 Be6 12. 0-0-0 Ng4 13. Bxe7 Qxe7 14. Nxg4 Bxg4 15. Rde1 0-0-0 16. Kb1 Kb8 17. h3 Bc8 18. Na4 g6 19. Rc1 Ne6 20. Qb3 Rd6 21. Nc5 Nxc5 22. Rxc5 Qf6 23. Qc2 Re8 24. b4 Bf5 25. Bxf5 gxf5 26. b5 cxb5 27. Rxb5 Rc8 28. Qb3 Qe7 29. f3 Qc7 30. Rc5 Rb6 31. Rxc7 Rxb3+ 32. axb3 Rxc7 33. Rc1 Re7 34. Re1 f4 35. e4 Kc7 36. Kc2 f6 37. Kd3 h5 38. Ra1 a6 39. Ra5 Rg7 40. Rc5+ Kb6 41. Rxd5 Rxg2 42. Rd6+ Kb5 43. Rxf6 Rg3 44. Rxf4 Rxh3 45. e5 Rh1 46. Ke2 h4 47. Kf2 Rh2+ 48. Kg1 Rh3 49. e6 Kc6 50. Re4 Rg3+ 51. Kh2 Rg8 52. f4 Kd5 53. Re5+ Kd6 54. f5 Ke7 55. Kh3 Rg3+ 56. Kxh4 1-0